000 00525nam a2200145Ia 4500
008 220217s9999 xx 000 0 und d
245 0 _aIndian Standard: Specification for rubber conveyor and elevator textile belting. Part III. Oil resistant belting. Rev Ed 2. Amendment No. 1. January 1992
260 _aNew Delhi
260 _c1988
_bBureau of Indian Standards
500 _aStandard number: IS 1891. Part III
650 _aElevator belt
650 _aOil resistant belt
650 _aRubber conveyor belt
942 _cST
999 _c73610
_d73610